| 000 | 00870 a2200289 4500 | ||
|---|---|---|---|
| 999 |
_c22976 _d9632 |
||
| 001 | 22976 | ||
| 003 | TR-AnTOB | ||
| 005 | 20240905162150.0 | ||
| 008 | 050112s1996 tu tur | ||
| 020 | _a9758030051 | ||
| 040 |
_aTR-AnTOB _cTR-AnTOB |
||
| 041 | _atur | ||
| 050 |
_aTT505.C45 _bB619 1996 |
||
| 090 | _aTT505.C45 B619 1996 | ||
| 100 |
_aBond, David _916558 |
||
| 245 | 0 |
_aCoco Chanel ve chanel / _cDavid Bond ; çev. Ayşe Aydoğan. |
|
| 264 | 1 |
_aAnkara : _bİlkkaynak Kültür ve Sanat Ürünleri, _c1996 |
|
| 300 |
_a64 p. : _bcol. ill. ; _c22 cm |
||
| 490 | 0 | _aİş Dünyasına Yön Verenler : Chanel | |
| 500 | _aIncludes index. | ||
| 600 | 1 | 0 |
_aChanel, Coco, _d1883-1971 _946055 |
| 650 | 0 |
_aKadın giysi tasarımcıları _zFransa _vBiyografi _916560 |
|
| 650 | 0 |
_aModa tasarımcıları _zFransa _vBiyografi _916561 |
|
| 902 | _a*** | ||
| 942 |
_cBK _2lcc |
||